000 00835nam a2200253Ia 4500
003 OSt
005 20220923211040.0
006 a|||||r|||| 00| 0
007 ta
008 220922b |||||||| |||| 00| 0 hin d
020 _a817315449X (hbk)
_c200
024 _a236,833
037 _b515, 09/01/2009, Eastern Book Linkers
_cTextual
040 _aARTS
_cARTS
_bhin
041 _2hin
_ahin
082 _aO152,3N37,18, P4
100 _aअभिमन्यु अनत
_9156358
245 0 _aहम प्रवासी
246 _aHam pravāsī
260 _aदिल्ली
_b प्रभात प्रकाशन
_c2004
300 _a170पृ.
_ccm.
942 _hO152,3N37,18, P4
_cTEXL
_2CC
999 _c294494
_d294494